000 00709nam a2200229Ia 4500
003 GCL
008 140319s9999 xx 000 0 ara d
040 _aGCL /
_cGCL
082 0 4 _aد
_b050
100 1 _aبوستجيت، جون
245 1 0 _aالميكروب والانسان ( عالم المعرفة 88 ) /
_cبوستجيت، جون
700 1 _aعزت شعلان
700 1 _aعبدالرازق العدوانى
300 _a271 ص
490 _aعالم المعرفة
_v0
650 0 4 _aالبكتريا
650 0 4 _aالميكروبات
650 0 4 _aالانساب - علم
650 0 4 _aالميكروبات - مقاومة
650 0 4 _aالميكروبات، علم
942 _2ddc
_cBK
999 _c50234
_d50234